| 000 | 00396 a2200169 4500 | ||
|---|---|---|---|
| 001 | 72586 | ||
| 020 | _a | ||
| 040 | _cAnchieta - Colégio São Paulo | ||
| 100 | _aCesar, Camila Cerqueira | ||
| 240 | 1 | 0 |
_aO homem do violão quebrado _lpor |
| 245 | 1 | 0 | _aO homem do violão quebrado |
| 300 | _a61 | ||
| 362 | 0 | _a1996 | |
| 440 | 1 | _aGlobal | |
| 650 | 4 | _aLiteratura infanto-juvenil | |
| 942 | _cBK | ||
| 999 |
_c72586 _d72586 |
||